UEFA Team of the Year 2013 - Statistics

General Stats
  • This quiz has been taken 96 times
  • The average score is 11 of 11
Answer Stats
Position Nationality Club Answer % Correct
ST Portugal Real Madrid Cristiano Ronaldo
100%
RM Wales Tottenham Hotspur / Real Madrid Gareth Bale
100%
GK Germany Bayern Munich Manuel Neuer
100%
CB Spain Real Madird Sergio Ramos
100%
ST Sweden PSG Zlatan Ibrahimović
99%
RB Germany Bayern Munich Philipp Lahm
98%
LB Austria Bayern Munich David Alaba
96%
CM Germany Real Madrid / Arsenal Mesut Özil
95%
CB Brazil PSG Thiago Silva
95%
LM France Bayern Munich Franck Ribéry
93%
CM Germany Borussia Dortmund Marco Reus
85%
No matching quizzes found
Score Distribution
Percent of People with Each Score
Percentile by Number Answered
Your Score History
You have not taken this quiz